000 00300nam a22001337a 4500
008 170203b xxu||||| |||| 00| 0 eng d
020 _a0070320683
041 _aeng
080 _29TH
_a61
100 _a3
101 _aSHM
245 _aPRINCIPLES OF INTERNAL MEDICINE
_cISSELBACHER
942 _2udc
_cBK
999 _c4492
_d4492